| 000 | 00995nam a22002537a 4500 | ||
|---|---|---|---|
| 001 | 52479 | ||
| 003 | BD-RjUL | ||
| 005 | 20211209075820.0 | ||
| 008 | 160921s1979 bg ||||| |||| 00| 0 ben d | ||
| 020 | _c: TK 70.00 | ||
| 035 | _a(BD-RjUL)52599 | ||
| 040 |
_aBD-RjUL _bben _cBD-RjUL |
||
| 041 | _aben | ||
| 082 |
_223 _a541 _bPAS 1979 |
||
| 100 |
_aপাল, সুভাষ চন্দ্র _9127187 |
||
| 245 | 1 | 0 |
_aস্নাতক ভৌত রসায়ন = Degree Physical chemistry / _c সুভাষ চন্দ্র পাল |
| 250 | _a৩য় সং. | ||
| 260 |
_aঢাকা : _bবাংলাদেশ বুক কর্পোরেশন, _c১৯৭৯ |
||
| 300 |
_aবিভিন্ন পৃ. : _bচিত্র ; _c২১ সেমি. |
||
| 650 |
_aজৈব রসায়ন _9123391 |
||
| 650 |
_aOrganic Chemistry _9123392 |
||
| 700 |
_aচক্রবর্তী, পরিতোষ কুমার _9127184 |
||
| 942 |
_2ddc _cBK |
||
| 999 |
_c52479 _d52479 |
||